| 000 | 00513nam a2200205Ia 4500 | ||
|---|---|---|---|
| 008 | 210210b2012 xxu||||| |||| 00| 0 eng d | ||
| 020 | _a9780857024299 | ||
| 041 | _aeng | ||
| 082 | _a305.52 WILR | ||
| 100 | _aWILLIAMS (Christopher) | ||
| 245 | _aResearching power elites and leadership | ||
| 260 |
_aLos Angeles _bSage Publications _c2012 |
||
| 300 | _axvi,320 | ||
| 650 | _aResearching | ||
| 650 | _apower | ||
| 650 | _aleadership | ||
| 650 | _aelites | ||
| 690 | _aSocial Classes | ||
| 906 | _a071839 | ||
| 999 |
_c121607 _d121607 |
||